1001 1727 1772 1054 1327 1665 1309 1498 1948 1987 1419 1713 1294 1545 1677 1034 1052 1907 1872 1864 1589 1405 1560 1349 1736 1512 1656 1533 1359 1413 1929 1715 1209 1804 1583 1279 1195 1068 1589 1262 1754 1480 2000 1359 1090 1395 1219 2000 1732 1509 1469 1485 1474 1420 1972 1388 1457 1135 1882 1816 1267 1992 1321 1916 1793 1366 1213 1927 1406 1751 1028 1103 1007 1943 1734 1862 1969 1488 1844 1341 1828 1899 1560 1730 1171 1343 1620 1687 1686 1517 1386 1420 1231 1644 1311 1711 1694 1181 1435 BCNSPRNW ULIB Ver.6.0+V

เปลี่ยนเป็นภาษาไทย

Change to English
 แสดงรายละเอียดบรรณานุกรม
  กลับหน้าหลัก

Brief Record : Get Marc (ISO 2709) : E-mail record : QR code < ปิดหน้าต่าง
LEADER : 00000nam 2200000uu 4500
001    13399120336
003     ULIB
008    120918s2549||||th 000 0 tha d
020    ^a9789749922301
060 04 ^aWY157^bศ463ก 2549
245    ^aการพยาบาลมารดาในระยะคลอด /^bศิริพร พงษ์โภคา ... [และคนอื่นๆ]
250    ^aพิมพ์ครั้งที่ 1
260    ^a[กรุงเทพฯ] :^bวิทยาลัยพยาบาลสภากาชาดไทย,^c2549
300    ^a148 หน้า :^bภาพประกอบ ;^c30 ซม.
504    ^aมีบรรณานุกรมและดรรชนี
650  7 ^aการคลอด
650  7 ^aการพยาบาลสูติศาสตร์
700 0  ^aศิริพร พงษ์โภคา
710 2  ^aวิทยาลัยพยาบาลสภากาชาดไทย
945    ^p150^l0^i15285
995    ^aวิภา
999 ^a ใช้งานได้ทุกระบบ
รายการนี้ยังไม่มีแท็ก
คุณยังไม่ได้ล็อกอิน คุณสามารถมีกิจกรรมร่วมกับเว็บไซต์ได้ แต่ต้องล็อกอินก่อน ::
  ล็อกอิน

รายการสื่อสารสนเทศ

ลำดับที่ ประเภท เลขเรียก/บาร์โค้ด สถานที่ สถานะ
1. วิทยาศาสตร์การแพทย์ และสุขภาพ
วิทยาศาสตร์การแพทย์ และสุขภาพ
WY157 ศ463ก 2549  
  Barcode: 15285
ห้องสมุดวิทยาเขตสวรรค์ประชารักษ์
►ส่วนจัดเก็บหนังสือเก่า สปร
บนชั้น
  ขอยืม

รายการใกล้เคียง
    หัวเรื่อง [การคลอด]
    หัวเรื่อง [การพยาบาลสูติศาสตร์]

BibComment


ยังไม่เคยถูกคอมเมนท์

คอมเมนท์ทรัพยากรรายการนี้
  คอมเมนท์: การพยาบาลมารดาใน..


 Copyright 2026. Bcnsprnw @Library